[Event "DSM WK M 2011"]
[Site "Karlsruhe GER"]
[Date "2011.05.13"]
[Round "1"]
[White "Krein, Jana"]
[Black "Frey, Alisa"]
[Result "0-1"]
[Termination "normal"]
[Board "1.1"]
[WhiteElo "1088"]
[BlackElo "2014"]
[WhiteTeam "Auguste-Viktoria-Gymnasium Trier"]
[BlackTeam "Lise-Meitner-Gymnasium Königsbach-Stein"]
[PlyCount "92"]
[WhiteFideId "12937762"]
[BlackFideId "24634662"]
[EventCountry "GER"]
[EventRounds "7"]
[EventType "team-swiss"]
[EventDate "2011.05.12"]

1. e4 c5 2. Nf3 d6 3. Bb5+ Nd7 4. O-O Ngf6 5. Re1 a6 6. Bd3 Qc7 7. c4 g6 8. Nc3
e6 9. Bc2 Bg7 10. d3 O-O 11. Rb1 Ng4 12. Bf4 Nge5 13. Nxe5 Nxe5 14. Qd2 Rb8 15.
Bh6 b5 16. Bxg7 Kxg7 17. b3 Nc6 18. Ne2 Rd8 19. d4 cxd4 20. Nxd4 bxc4 21. bxc4
Ne5 22. Qe2 Bd7 23. Bb3 Rdc8 24. h3 Qc5 25. Nf3 Nxc4 26. Bxc4 Rxb1 27. Rxb1
Qxc4 28. Qxc4 Rxc4 29. e5 d5 30. Rb7 Be8 31. Ng5 Rc6 32. Kf1 h6 33. Nf3 Rc4 34.
Nd2 Rc2 35. Ke2 Bb5+ 36. Ke3 Rxa2 37. g4 Ra3+ 38. Kd4 Rd3+ 39. Kc5 Rxd2 40. f4
Rf2 41. f5 gxf5 42. gxf5 Rxf5 43. Kd4 Rf3 44. Ra7 Rxh3 45. Rc7 Rd3+ 46. Kc5
Rc3+ 0-1

[Event "DSM WK M 2011"]
[Site "Karlsruhe GER"]
[Date "2011.05.13"]
[Round "1"]
[White "Kühnel, Lena"]
[Black "Kim, Yu-Mi"]
[Result "1-0"]
[Termination "normal"]
[Board "1.2"]
[WhiteElo "1863"]
[BlackElo "1107"]
[WhiteTeam "Lise-Meitner-Gymnasium Königsbach-Stein"]
[BlackTeam "Auguste-Viktoria-Gymnasium Trier"]
[PlyCount "39"]
[WhiteFideId "24640956"]
[BlackFideId "12955361"]
[EventCountry "GER"]
[EventRounds "7"]
[EventType "team-swiss"]
[EventDate "2011.05.12"]

1. e4 e5 2. Nf3 Nc6 3. Bb5 Nf6 4. O-O Bc5 5. Re1 O-O 6. c3 Re8 7. d4 exd4 8. e5
Ng4 9. cxd4 Bb6 10. h3 Nh6 11. Bxh6 gxh6 12. Qd2 Re6 13. d5 Rg6 14. dxc6 bxc6
15. Bd3 Rg7 16. Qxh6 d6 17. exd6 cxd6 18. Ng5 Rxg5 19. Bxh7+ Kh8 20. Bg6+ 1-0

[Event "DSM WK M 2011"]
[Site "Karlsruhe GER"]
[Date "2011.05.13"]
[Round "1"]
[White "Bach, Kira"]
[Black "Roether, Barbara"]
[Result "1-0"]
[Termination "normal"]
[Board "1.3"]
[WhiteElo "1136"]
[BlackElo "800"]
[WhiteTeam "Auguste-Viktoria-Gymnasium Trier"]
[BlackTeam "Lise-Meitner-Gymnasium Königsbach-Stein"]
[PlyCount "61"]
[WhiteFideId "12907677"]
[EventCountry "GER"]
[EventRounds "7"]
[EventType "team-swiss"]
[EventDate "2011.05.12"]

1. e4 e5 2. Nf3 Nc6 3. Bb5 Nb4 4. O-O Nf6 5. Nxe5 Bd6 6. Nf3 O-O 7. e5 Ne4 8.
exd6 Nxd6 9. Ba4 h6 10. a3 Nd5 11. Nc3 Nf4 12. d3 Nf5 13. Bxf4 d6 14. Re1 Qf6
15. Bg3 Nd4 16. Nxd4 Qxd4 17. Bb3 Qb6 18. Rb1 Bf5 19. Nd5 Qb5 20. Nxc7 Qd7 21.
Nxa8 Qd8 22. Qf3 Bd7 23. Qxb7 Qe7 24. Rxe7 Rd8 25. Rxd7 Re8 26. Bxf7+ Kf8 27.
Bxd6+ Re7 28. Rxe7 g6 29. Nc7 Kg7 30. Bd5+ Kf8 31. Ne6+ 1-0

[Event "DSM WK M 2011"]
[Site "Karlsruhe GER"]
[Date "2011.05.13"]
[Round "1"]
[White "Kauselmann, Laura"]
[Black "Kim, Yun-Mi"]
[Result "0-1"]
[Termination "normal"]
[Board "1.4"]
[WhiteElo "899"]
[BlackElo "1020"]
[WhiteTeam "Lise-Meitner-Gymnasium Königsbach-Stein"]
[BlackTeam "Auguste-Viktoria-Gymnasium Trier"]
[PlyCount "124"]
[EventCountry "GER"]
[EventRounds "7"]
[EventType "team-swiss"]
[EventDate "2011.05.12"]

1. e4 e5 2. Nf3 Nc6 3. Nc3 Bc5 4. Bb5 d6 5. d3 Bd7 6. O-O h6 7. a3 Nd4 8. Be3
Nxb5 9. Bxc5 dxc5 10. Nxb5 Bxb5 11. Nxe5 Qe7 12. Nf3 Nf6 13. Re1 O-O 14. Re3
Ng4 15. Re2 Ne5 16. Nxe5 Qxe5 17. b3 Bd7 18. Re3 Qg5 19. h3 f5 20. Rf3 fxe4 21.
dxe4 Rxf3 22. Qxf3 Rf8 23. Qd3 Bc6 24. Re1 Qf4 25. f3 Qg5 26. Rf1 a6 27. c3 Rd8
28. Qe2 Qd2 29. Qe1 Qxe1 30. Rxe1 b5 31. c4 bxc4 32. bxc4 Rd2 33. e5 Be8 34.
Kh2 Kf7 35. Re3 Rd4 36. Re1 Rxc4 37. e6+ Ke7 38. Re2 Rd4 39. Re4 Rd6 40. Re3
Rxe6 41. Rxe6+ Kxe6 42. Kg3 c4 43. Kf2 c3 44. Ke1 Ba4 45. g4 g5 46. f4 gxf4 47.
h4 f3 48. g5 hxg5 49. hxg5 Kf5 50. g6 c2 51. Kd2 f2 52. g7 Bb3 53. Kc3 Bf7 54.
Kxc2 f1=Q 55. a4 Qf4 56. g8=Q Bxg8 57. a5 Qe3 58. Kb2 Qc5 59. Kb1 Qf2 60. Kc1
Ke4 61. Kb1 Kd3 62. Kc1 Qc2# 0-1

[Event "DSM WK M 2011"]
[Site "Karlsruhe GER"]
[Date "2011.05.13"]
[Round "1"]
[White "Schnepper, Pauline"]
[Black "Hillmer, Nicole"]
[Result "1-0"]
[Termination "normal"]
[Board "2.1"]
[WhiteElo "1512"]
[BlackElo "1204"]
[WhiteTeam "Friedrich-Dessauer-Gymnasium Aschaffenburg"]
[BlackTeam "Gymnasium Neureut"]
[PlyCount "65"]
[WhiteFideId "12918040"]
[EventCountry "GER"]
[EventRounds "7"]
[EventType "team-swiss"]
[EventDate "2011.05.12"]

1. e4 e5 2. Nf3 Nc6 3. d4 exd4 4. Nxd4 Bc5 5. Nxc6 dxc6 6. Qxd8+ Kxd8 7. Bc4
Ke7 8. Bf4 Bb6 9. Nc3 Be6 10. Bxe6 Kxe6 11. Na4 Ba5+ 12. c3 Bb6 13. Nxb6 cxb6
14. O-O-O f6 15. Rd6+ Kf7 16. Rhd1 Ne7 17. Rd7 Rhe8 18. Rxb7 Kf8 19. Rdd7 Rad8
20. Bd6 Rxd7 21. Rxd7 a5 22. f4 g6 23. g4 h6 24. Kd2 Kf7 25. f5 g5 26. Kd3 a4
27. Kc4 Kf8 28. b3 axb3 29. axb3 Kf7 30. b4 Kf8 31. Rb7 Kf7 32. Kd4 Kf8 33. e5
1-0

[Event "DSM WK M 2011"]
[Site "Karlsruhe GER"]
[Date "2011.05.13"]
[Round "1"]
[White "Schweiger, Yasmin"]
[Black "Künstler, Tabea"]
[Result "1-0"]
[Termination "normal"]
[Board "2.2"]
[WhiteElo "1063"]
[BlackElo "1254"]
[WhiteTeam "Gymnasium Neureut"]
[BlackTeam "Friedrich-Dessauer-Gymnasium Aschaffenburg"]
[PlyCount "95"]
[EventCountry "GER"]
[EventRounds "7"]
[EventType "team-swiss"]
[EventDate "2011.05.12"]

1. d4 d5 2. c4 e6 3. Nc3 c5 4. e3 Nf6 5. Nf3 Nc6 6. Be2 Ne4 7. Bd2 Be7 8. O-O
O-O 9. a3 b6 10. Bd3 f5 11. cxd5 exd5 12. Qb3 Be6 13. Bb5 Na5 14. Qc2 c4 15.
Ba4 a6 16. Qd1 b5 17. Bc2 Bd6 18. Ne2 Rb8 19. Nf4 Bxf4 20. exf4 Nc6 21. Re1 Qb6
22. Be3 b4 23. axb4 Nxb4 24. Rb1 Nxc2 25. Qxc2 Rf7 26. Re2 Rc7 27. h3 c3 28. b3
a5 29. Qa2 Qb4 30. Ne5 a4 31. Nd3 Qb5 32. Nc1 axb3 33. Nxb3 Qb4 34. Rc2 Bd7 35.
Rcc1 Qc4 36. Qa3 Qe2 37. Na5 Rxb1 38. Rxb1 c2 39. Rc1 Qd1+ 40. Kh2 Rc3 41. Qb2
Ba4 42. Qb8+ Kf7 43. Qb7+ Kg6 44. Qb6+ Nf6 45. Qb4 Rd3 46. Qxa4 Ne4 47. Qxc2
Qxc2 48. Rxc2 1-0

[Event "DSM WK M 2011"]
[Site "Karlsruhe GER"]
[Date "2011.05.13"]
[Round "1"]
[White "Schwind, Clara"]
[Black "Schweiger, Lauralie"]
[Result "1-0"]
[Termination "normal"]
[Board "2.3"]
[WhiteElo "1313"]
[BlackElo "830"]
[WhiteTeam "Friedrich-Dessauer-Gymnasium Aschaffenburg"]
[BlackTeam "Gymnasium Neureut"]
[PlyCount "131"]
[WhiteFideId "12964581"]
[EventCountry "GER"]
[EventRounds "7"]
[EventType "team-swiss"]
[EventDate "2011.05.12"]

1. e4 c6 2. d4 d5 3. e5 e6 4. Nf3 Bb4+ 5. c3 Ba5 6. Bg5 Ne7 7. Bd3 b5 8. b4 Bb6
9. a4 Ba6 10. axb5 cxb5 11. Rxa6 Nxa6 12. Bxb5+ Kf8 13. Bxa6 h6 14. Bh4 g5 15.
Bg3 g4 16. Nh4 Rg8 17. Bf4 h5 18. Bh6+ Ke8 19. Bb5+ Nc6 20. Bxc6+ Ke7 21. Bxa8
Qxa8 22. Qd2 a5 23. bxa5 Bxa5 24. O-O f5 25. Bg5+ Kd7 26. Qa2 Rxg5 27. Qa4+ Qc6
28. Qxa5 Qc4 29. Qa7+ Qc7 30. Qxc7+ Kxc7 31. Rc1 Kc6 32. Na3 f4 33. g3 f3 34.
Kf1 Kb6 35. c4 dxc4 36. Rxc4 Kb7 37. Nb5 Kb6 38. Nd6 Rg7 39. Ne4 Kb5 40. Rc5+
Kb6 41. Ke1 Rd7 42. Nd6 Rc7 43. Rxc7 Kxc7 44. Kd2 Kc6 45. Ng6 Kd5 46. Kd3 Kc6
47. Nf4 h4 48. gxh4 g3 49. hxg3 Kd7 50. h5 Ke7 51. g4 Kf8 52. Nxe6+ Kg8 53. g5
Kh8 54. g6 Kg8 55. h6 Kh8 56. g7+ Kg8 57. d5 Kh7 58. Ng5+ Kg8 59. h7+ Kxg7 60.
Nf5+ Kh8 61. Ne7 Kg7 62. Ng6 Kxg6 63. h8=Q Kxg5 64. Qf6+ Kg4 65. e6 Kh3 66.
Qxf3+ 1-0

[Event "DSM WK M 2011"]
[Site "Karlsruhe GER"]
[Date "2011.05.13"]
[Round "1"]
[White "Fotler, Diana"]
[Black "Fuks, Polina"]
[Result "1-0"]
[Termination "normal"]
[Board "2.4"]
[WhiteElo "800"]
[BlackElo "1070"]
[WhiteTeam "Gymnasium Neureut"]
[BlackTeam "Friedrich-Dessauer-Gymnasium Aschaffenburg"]
[PlyCount "78"]
[EventCountry "GER"]
[EventRounds "7"]
[EventType "team-swiss"]
[EventDate "2011.05.12"]

1. e4 e5 2. Nf3 Nc6 3. Nc3 Nf6 4. Bc4 Bb4 5. Nd5 Nxe4 6. Nxb4 Nxb4 7. Nxe5 d5
8. d3 Nc5 9. Be3 Qd6 10. Qd2 Nc6 11. Nxc6 Qxc6 12. Bb3 Nxb3 13. axb3 a6 14. O-O
O-O 15. c4 Be6 16. Rfe1 Rfe8 17. Bd4 f6 18. h3 Rad8 19. Bc3 Bf5 20. Ra5 Rxe1+
21. Qxe1 Bxd3 22. Qe3 dxc4 23. Rc5 Qd6 24. bxc4 c6 25. b3 Qd7 26. Bd4 Bg6 27.
Ra5 Qxd4 28. Qe7 Qd7 29. Qe3 Bc2 30. Ra2 Qd1+ 31. Kh2 Bxb3 32. Rb2 Qd6+ 33. Kg1
Qd1+ 34. Kh2 Bxc4 35. Rxb7 Qd4 36. Qf3 Qd6+ 37. Kg1 Qd1+ 38. Kh2 Qxf3 39. gxf3
Rd5 1-0

[Event "DSM WK M 2011"]
[Site "Karlsruhe GER"]
[Date "2011.05.13"]
[Round "1"]
[White "Kury, Valerie"]
[Black "Bajorski, Maria Sophie"]
[Result "0-1"]
[Termination "normal"]
[Board "3.1"]
[WhiteElo "1253"]
[BlackElo "1455"]
[WhiteTeam "St. Ursula-Gymnasium Freiburg"]
[BlackTeam "Marienschule Limburg"]
[PlyCount "88"]
[BlackFideId "24654531"]
[EventCountry "GER"]
[EventRounds "7"]
[EventType "team-swiss"]
[EventDate "2011.05.12"]

1. e4 e5 2. Nf3 Nc6 3. d4 exd4 4. Nxd4 Bc5 5. Be3 Qf6 6. c3 Nge7 7. Nxc6 Bxe3
8. fxe3 Nxc6 9. Nd2 O-O 10. Qh5 d6 11. Bd3 Ne5 12. Qe2 Bg4 13. Nf3 Nxf3+ 14.
gxf3 Bxf3 15. Rf1 Bxe2 16. Rxf6 Bxd3 17. Rf4 Rfe8 18. O-O-O Bxe4 19. Rdf1 Bg6
20. Re1 Re4 21. Rf3 Rae8 22. h3 f5 23. Kd2 f4 24. Rxf4 Rxf4 25. exf4 Rxe1 26.
Kxe1 Bf5 27. h4 Kf7 28. Kf2 h6 29. Kf3 c5 30. a3 d5 31. Ke3 Ke6 32. h5 Bg4 33.
Kd3 Bxh5 34. c4 Bg6+ 35. Kc3 d4+ 36. Kb3 h5 37. Ka4 d3 38. Kb5 d2 39. Kxc5 d1=Q
40. f5+ Bxf5 41. b4 b6+ 42. Kb5 Be4 43. a4 Qd7+ 44. Ka6 Qxa4# 0-1

[Event "DSM WK M 2011"]
[Site "Karlsruhe GER"]
[Date "2011.05.13"]
[Round "1"]
[White "Liez, Tatjana"]
[Black "Kury, Karolin"]
[Result "1-0"]
[Termination "normal"]
[Board "3.2"]
[WhiteElo "1391"]
[BlackElo "867"]
[WhiteTeam "Marienschule Limburg"]
[BlackTeam "St. Ursula-Gymnasium Freiburg"]
[PlyCount "55"]
[WhiteFideId "1271769"]
[EventCountry "GER"]
[EventRounds "7"]
[EventType "team-swiss"]
[EventDate "2011.05.12"]

1. e4 e5 2. Nf3 Nc6 3. Bc4 Bc5 4. d3 Nf6 5. Nc3 d6 6. h3 O-O 7. Bg5 h6 8. Bh4
Qe7 9. Nd5 Qd8 10. Bxf6 gxf6 11. Qd2 Kh7 12. O-O-O Be6 13. c3 Rg8 14. g4 Na5
15. b3 c6 16. Ne3 b5 17. Bxe6 fxe6 18. Nc2 d5 19. exd5 Qxd5 20. Nh4 Rab8 21. d4
Bd6 22. dxe5 Qxe5 23. Qxd6 Qg5+ 24. Kb1 Qxh4 25. Qc7+ Kh8 26. Rd7 Rg7 27. Rxg7
Rg8 28. Rh7# 1-0

[Event "DSM WK M 2011"]
[Site "Karlsruhe GER"]
[Date "2011.05.13"]
[Round "1"]
[White "Bäcker, Deborah"]
[Black "Heinz, Michelle"]
[Result "0-1"]
[Termination "normal"]
[Board "3.3"]
[WhiteElo "800"]
[BlackElo "1234"]
[WhiteTeam "St. Ursula-Gymnasium Freiburg"]
[BlackTeam "Marienschule Limburg"]
[PlyCount "48"]
[BlackFideId "1271782"]
[EventCountry "GER"]
[EventRounds "7"]
[EventType "team-swiss"]
[EventDate "2011.05.12"]

1. e4 e5 2. Nf3 Nc6 3. Bc4 Nf6 4. Nc3 Bb4 5. O-O Bxc3 6. bxc3 Nxe4 7. d3 Nxc3
8. Qd2 Na4 9. Bb5 Nb6 10. Bxc6 dxc6 11. d4 e4 12. Ng5 O-O 13. Nxe4 Qh4 14. Qg5
Qxe4 15. Qe5 Qg6 16. Ba3 Bh3 17. g3 Nc4 18. Qf4 Nxa3 19. Rfe1 Nxc2 20. Qf3 Nxa1
21. Rxa1 Rfe8 22. Qc3 Qe4 23. f3 Qe2 24. Qc1 Qg2# 0-1

[Event "DSM WK M 2011"]
[Site "Karlsruhe GER"]
[Date "2011.05.13"]
[Round "1"]
[White "Schröder, Janina"]
[Black "Tebartz van Elst, Antonia"]
[Result "1-0"]
[Termination "normal"]
[Board "3.4"]
[WhiteElo "1065"]
[BlackElo "800"]
[WhiteTeam "Marienschule Limburg"]
[BlackTeam "St. Ursula-Gymnasium Freiburg"]
[PlyCount "69"]
[WhiteFideId "24693138"]
[EventCountry "GER"]
[EventRounds "7"]
[EventType "team-swiss"]
[EventDate "2011.05.12"]

1. e4 e5 2. Nf3 Nc6 3. Bb5 a6 4. Ba4 b5 5. Bb3 Bc5 6. O-O Nf6 7. d3 O-O 8. Nc3
d6 9. h3 Re8 10. Nd5 Be6 11. Bg5 h6 12. Nxf6+ gxf6 13. Bxh6 Kh7 14. Qd2 Qc8 15.
Bxe6 fxe6 16. Nh4 Qd7 17. Nf3 Rad8 18. Nh2 Rg8 19. Ng4 d5 20. Nxf6+ Kh8 21.
Nxd7 Rxd7 22. exd5 exd5 23. Kh1 a5 24. f4 Kh7 25. fxe5 Nxe5 26. d4 Nc6 27. dxc5
Nb4 28. c3 Na6 29. Rf5 Nxc5 30. Rxd5 Rgd8 31. Rxd7+ Nxd7 32. Re1 c5 33. Re7+
Kh8 34. Qg5 a4 35. Qg7# 1-0

[Event "DSM WK M 2011"]
[Site "Karlsruhe GER"]
[Date "2011.05.13"]
[Round "1"]
[White "Evers, Annika"]
[Black "Wang, Yanru"]
[Result "0-1"]
[Termination "normal"]
[Board "4.1"]
[WhiteElo "1708"]
[BlackElo "1180"]
[WhiteTeam "Athenaeum Stade"]
[BlackTeam "Gymnasium Carolinum Osnabrück"]
[PlyCount "95"]
[WhiteFideId "24691933"]
[BlackFideId "12929328"]
[EventCountry "GER"]
[EventRounds "7"]
[EventType "team-swiss"]
[EventDate "2011.05.12"]

1. d4 d5 2. Nf3 Nf6 3. e3 e6 4. Bd3 c5 5. b3 Nc6 6. O-O Be7 7. Bb2 O-O 8. Nbd2
a6 9. Ne5 Bd7 10. f4 b5 11. c4 Rb8 12. cxb5 axb5 13. dxc5 Bxc5 14. Qe2 Na7 15.
Rf3 Qb6 16. Nxd7 Nxd7 17. Bxh7+ Kxh7 18. Rh3+ Kg8 19. Qh5 Bxe3+ 20. Kh1 f6 21.
Qh7+ Kf7 22. Rg3 Rg8 23. Nf3 Bxf4 24. Rg4 Bh6 25. Rf1 Ke7 26. Nh4 Kd6 27. Ba3+
Kc7 28. Qc2+ Kb7 29. Nf3 Rbc8 30. Qe2 e5 31. Qd3 d4 32. Qe4+ Kb8 33. Qd5 Rgd8
34. Bd6+ Rc7 35. a4 Nc5 36. Bxc5 Rxc5 37. Qe4 d3 38. axb5 d2 39. Nxd2 Rxd2 40.
Rg3 Rcd5 41. Rc3 Rd1 42. Qc4 Rxf1+ 43. Qxf1 Qd8 44. b6 Nb5 45. Rc1 Bxc1 46. h3
Rd1 47. Qg1 Rxg1+ 48. Kxg1 0-1

[Event "DSM WK M 2011"]
[Site "Karlsruhe GER"]
[Date "2011.05.13"]
[Round "1"]
[White "Tworek, Kristina"]
[Black "Lange, Anika"]
[Result "0-1"]
[Termination "normal"]
[Board "4.2"]
[WhiteElo "800"]
[BlackElo "1450"]
[WhiteTeam "Gymnasium Carolinum Osnabrück"]
[BlackTeam "Athenaeum Stade"]
[PlyCount "99"]
[BlackFideId "24693405"]
[EventCountry "GER"]
[EventRounds "7"]
[EventType "team-swiss"]
[EventDate "2011.05.12"]

1. e4 c5 2. Bc4 Nc6 3. Nc3 e6 4. Nf3 d6 5. d4 cxd4 6. Nxd4 Nf6 7. Nxc6 bxc6 8.
Qf3 d5 9. e5 Nd7 10. Bb3 Nxe5 11. Qf4 Bd6 12. Qe3 Ba6 13. Bd2 O-O 14. O-O-O c5
15. f4 Ng6 16. Qf2 Qc7 17. g3 Rab8 18. h4 c4 19. Ba4 Qb6 20. Qxb6 axb6 21. Bc6
Ne7 22. Bb5 Bxb5 23. Nxb5 Rfd8 24. a3 Bc5 25. c3 Nf5 26. Rh3 Nd6 27. Nc7 b5 28.
g4 Rb6 29. f5 Rc8 30. Nxe6 fxe6 31. fxe6 Ne4 32. Rf3 Rxe6 33. Be3 Bxe3+ 34.
Rxe3 Rd8 35. h5 Nc5 36. Rf3 Re2 37. g5 Nd3+ 38. Kb1 Rxb2+ 39. Ka1 Rg2 40. g6
Ra8 41. Rfxd3 Rxa3+ 42. Kb1 cxd3 43. Rxd3 hxg6 44. hxg6 Rxg6 45. Kb2 Raa6 46.
Rxd5 Rab6 47. Kb3 Rgd6 48. Re5 Kf7 49. Kb4 Kf6 50. Rxb5 0-1

[Event "DSM WK M 2011"]
[Site "Karlsruhe GER"]
[Date "2011.05.13"]
[Round "1"]
[White "Hellmann, Stella"]
[Black "Meinschien, Silke"]
[Result "0-1"]
[Termination "normal"]
[Board "4.4"]
[WhiteElo "800"]
[BlackElo "800"]
[WhiteTeam "Gymnasium Carolinum Osnabrück"]
[BlackTeam "Athenaeum Stade"]
[PlyCount "124"]
[EventCountry "GER"]
[EventRounds "7"]
[EventType "team-swiss"]
[EventDate "2011.05.12"]

1. g3 d5 2. Nf3 Nf6 3. d3 g6 4. e4 dxe4 5. dxe4 Qxd1+ 6. Kxd1 Bg4 7. Be2 Bg7 8.
Nc3 O-O 9. h3 Bxf3 10. Bxf3 e5 11. b3 Nc6 12. Ke1 Nd4 13. Ba3 Nxc2+ 14. Kf1
Nxa3 15. Rd1 Rad8 16. h4 Rxd1+ 17. Bxd1 Rd8 18. Kg2 Rd3 19. Ne2 Nxe4 20. f3 Nc3
21. Nxc3 Rxc3 22. f4 c5 23. Bf3 Rc2+ 24. Kh3 b5 25. Rd1 exf4 26. Rd8+ Bf8 27.
gxf4 Rf2 28. Kg3 Rxa2 29. b4 c4 30. Rc8 Ra1 31. Bd5 Rc1 32. Kg4 Kg7 33. h5 f5+
34. Kh4 Be7+ 35. Kg3 Bxb4 36. Rg8+ Kf6 37. h6 Re1 38. Rh8 g5 39. Rxh7 Kg6 40.
Rh8 Bc3 41. Rg8+ Kxh6 42. fxg5+ Kh7 43. g6+ Kh6 44. Rf8 b4 45. g7 Bxg7 46. Rb8
b3 47. Kf3 b2 48. Bxc4 Nxc4 49. Kf2 b1=Q 50. Rxb1 Rxb1 51. Ke2 a5 52. Kd3 Rb8
53. Kxc4 Ra8 54. Kd5 a4 55. Kc6 a3 56. Kb7 Ra4 57. Kc7 a2 58. Kc6 a1=Q 59. Kd6
Qd4+ 60. Kc6 Rc4+ 61. Kb7 Qb2+ 62. Ka6 Ra4# 0-1

[Event "DSM WK M 2011"]
[Site "Karlsruhe GER"]
[Date "2011.05.13"]
[Round "1"]
[White "Wolff, Marie Antoinette"]
[Black "Kluge, Leyla"]
[Result "0-1"]
[Termination "normal"]
[Board "5.1"]
[WhiteElo "1029"]
[BlackElo "1426"]
[WhiteTeam "Louise-Henriette-Gymnasium Oranienburg"]
[BlackTeam "Clemens-Winkler-Gymnasium Aue"]
[PlyCount "88"]
[WhiteFideId "12908258"]
[BlackFideId "12918172"]
[EventCountry "GER"]
[EventRounds "7"]
[EventType "team-swiss"]
[EventDate "2011.05.12"]

1. e4 c5 2. Nf3 Nc6 3. d4 cxd4 4. Nxd4 d6 5. Nc3 g6 6. Bb5 Bd7 7. Be3 Bg7 8.
Qd2 Nf6 9. O-O-O a6 10. Nxc6 Bxc6 11. Bxc6+ bxc6 12. Qd3 c5 13. Rd2 O-O 14. f3
Qb6 15. h4 Rfb8 16. Na4 Qb5 17. b3 Rb7 18. c4 Qc6 19. g4 Nd7 20. h5 Ne5 21. Qe2
Nxg4 22. fxg4 Qxe4 23. Rf1 Rab8 24. Nc3 Bxc3 25. Rc2 Bg7 26. Rf4 Qe5 27. Qf3
Rf8 28. Re4 Qf6 29. Rf4 Qe6 30. Rf2 Rbb8 31. Re4 Qf6 32. Qg3 Qa1+ 33. Kd2 Qxa2+
34. Kd1 Qxb3+ 35. Rc2 Qd3+ 36. Kc1 Qxe4 37. hxg6 fxg6 38. Qg1 Rf7 39. Bd2 Rbf8
40. Bf4 Rxf4 41. Rf2 Qe3+ 42. Rd2 Rf1+ 43. Qxf1 Rxf1+ 44. Kc2 Qc3# 0-1

[Event "DSM WK M 2011"]
[Site "Karlsruhe GER"]
[Date "2011.05.13"]
[Round "1"]
[White "Schmieder, Michelle"]
[Black "Ziegel, Mandy"]
[Result "1-0"]
[Termination "normal"]
[Board "5.2"]
[WhiteElo "1217"]
[BlackElo "800"]
[WhiteTeam "Clemens-Winkler-Gymnasium Aue"]
[BlackTeam "Louise-Henriette-Gymnasium Oranienburg"]
[PlyCount "59"]
[EventCountry "GER"]
[EventRounds "7"]
[EventType "team-swiss"]
[EventDate "2011.05.12"]

1. e4 e5 2. Nf3 Nc6 3. d4 Qe7 4. d5 Qb4+ 5. Nbd2 Nd4 6. c3 Qb6 7. cxd4 exd4 8.
a3 d6 9. Nc4 Qc5 10. b4 Qxc4 11. Bxc4 g6 12. Qxd4 f6 13. Bb5+ Ke7 14. O-O Nh6
15. Re1 Ng4 16. h3 Ne5 17. Nxe5 dxe5 18. Qc5+ Kd8 19. Qc3 b6 20. f4 Bd6 21. Bc6
Rb8 22. Bb2 Bd7 23. Qg3 a5 24. fxe5 fxe5 25. Bxe5 Bxe5 26. Qxe5 Rf8 27. Bxd7
Kxd7 28. Qg7+ Kd6 29. Rac1 Rbc8 30. Rc6# 1-0

[Event "DSM WK M 2011"]
[Site "Karlsruhe GER"]
[Date "2011.05.13"]
[Round "1"]
[White "Thimian, Jessica"]
[Black "Boden, Talitha"]
[Result "0-1"]
[Termination "normal"]
[Board "5.3"]
[WhiteElo "800"]
[BlackElo "922"]
[WhiteTeam "Louise-Henriette-Gymnasium Oranienburg"]
[BlackTeam "Clemens-Winkler-Gymnasium Aue"]
[PlyCount "94"]
[EventCountry "GER"]
[EventRounds "7"]
[EventType "team-swiss"]
[EventDate "2011.05.12"]

1. e4 d6 2. Nc3 Nf6 3. d3 g6 4. Nge2 Bg7 5. g3 O-O 6. Bg2 Nc6 7. O-O Bg4 8. f3
Be6 9. a3 Qd7 10. Be3 Bh3 11. Qd2 Bxg2 12. Kxg2 e6 13. b4 a6 14. b5 axb5 15.
Nxb5 Ra6 16. Rab1 Rfa8 17. Rb3 b6 18. Ra1 Ra5 19. Nbd4 Nxd4 20. Bxd4 e5 21. Be3
Rb5 22. Nc3 Rxb3 23. cxb3 Qe6 24. b4 Qb3 25. Nb5 c5 26. Nc7 Rxa3 27. Rxa3 Qxa3
28. Nd5 Nxd5 29. exd5 Qa8 30. b5 Qxd5 31. h4 Qb3 32. f4 exf4 33. gxf4 Qxb5 34.
d4 Qe8 35. dxc5 dxc5 36. Kg3 Qe7 37. Kg4 b5 38. Qc3 Bxc3 39. f5 Qxe3 40. fxg6
fxg6 41. h5 gxh5+ 42. Kxh5 Qg1 43. Kh6 Qg2 44. Kh5 Kg7 45. Kh4 Kf6 46. Kh5 Qg3
47. Kh6 Qh3# 0-1

[Event "DSM WK M 2011"]
[Site "Karlsruhe GER"]
[Date "2011.05.13"]
[Round "1"]
[White "Koller, Vivien"]
[Black "Schimmel, Sarina"]
[Result "0-1"]
[Termination "normal"]
[Board "5.4"]
[WhiteElo "837"]
[BlackElo "890"]
[WhiteTeam "Clemens-Winkler-Gymnasium Aue"]
[BlackTeam "Louise-Henriette-Gymnasium Oranienburg"]
[PlyCount "96"]
[EventCountry "GER"]
[EventRounds "7"]
[EventType "team-swiss"]
[EventDate "2011.05.12"]

1. e4 e5 2. Nc3 Nf6 3. Nf3 Nc6 4. a3 Be7 5. Bb5 O-O 6. Bxc6 bxc6 7. d3 h6 8.
Be3 d6 9. h3 Ba6 10. O-O Rb8 11. Rb1 Nh7 12. Bxa7 Rb7 13. Be3 Qd7 14. Qc1 Qe6
15. Qd2 Rd8 16. Rfe1 d5 17. exd5 cxd5 18. d4 e4 19. Ne5 c6 20. Qc1 f5 21. Bf4
Rc8 22. b4 Qf6 23. Bg3 Qg5 24. f4 Qxg3 25. Re3 Qh4 26. g3 Qxh3 27. Ra1 Nf6 28.
Qe1 Ng4 29. Nxg4 Qxg4 30. Qf2 h5 31. Qh2 Kf7 32. Rb1 Rh8 33. Rf1 Bxf1 34. Kxf1
g5 35. Qf2 Rbb8 36. Ke1 h4 37. Kd2 h3 38. Re1 Bd6 39. Rh1 gxf4 40. gxf4 Bxf4+
41. Ke1 Bg3 42. Kf1 Bxf2 43. Kxf2 h2 44. Ne2 Ra8 45. c3 Rxa3 46. Ke3 Rh3+ 47.
Kd2 Ra2+ 48. Kc1 Qxe2 0-1

[Event "DSM WK M 2011"]
[Site "Karlsruhe GER"]
[Date "2011.05.13"]
[Round "1"]
[White "Raab, Helen"]
[Black "König, Isabel"]
[Result "1-0"]
[Termination "normal"]
[Board "6.1"]
[WhiteElo "1884"]
[BlackElo "910"]
[WhiteTeam "Gymnasium Mainz-Gonsenheim"]
[BlackTeam "Gymnasium Altenholz"]
[PlyCount "59"]
[WhiteFideId "24653608"]
[BlackFideId "16210000"]
[EventCountry "GER"]
[EventRounds "7"]
[EventType "team-swiss"]
[EventDate "2011.05.12"]

1. e4 c5 2. Nf3 e6 3. d4 cxd4 4. Nxd4 d6 5. Nc3 Nf6 6. Be2 Nbd7 7. Ndb5 Ne5 8.
a4 a6 9. Na3 Be7 10. f4 Nc6 11. Nc4 O-O 12. a5 Qc7 13. Be3 Nb4 14. O-O Bd7 15.
Nb6 Rad8 16. Nxd7 Rxd7 17. Bb6 Qc6 18. Bd3 Nxd3 19. cxd3 d5 20. e5 Ng4 21. Qxg4
Bc5+ 22. Bxc5 Qxc5+ 23. Kh1 Qe3 24. Rf3 Qd2 25. Rg3 g6 26. Rb1 Rc8 27. Rh3 h5
28. Rxh5 Kg7 29. Qg5 Rh8 30. Qf6+ 1-0

[Event "DSM WK M 2011"]
[Site "Karlsruhe GER"]
[Date "2011.05.13"]
[Round "1"]
[White "Caliebe, Frauke"]
[Black "Efinger, Leila"]
[Result "1/2-1/2"]
[Termination "normal"]
[Board "6.2"]
[WhiteElo "837"]
[BlackElo "1069"]
[WhiteTeam "Gymnasium Altenholz"]
[BlackTeam "Gymnasium Mainz-Gonsenheim"]
[PlyCount "60"]
[BlackFideId "12931705"]
[EventCountry "GER"]
[EventRounds "7"]
[EventType "team-swiss"]
[EventDate "2011.05.12"]

1. d4 d5 2. c4 Nf6 3. Nc3 Bf5 4. Nf3 e6 5. e3 Be7 6. Be2 c6 7. O-O Nbd7 8. cxd5
Nxd5 9. Nxd5 cxd5 10. a3 Rc8 11. b4 O-O 12. Bd3 Bxd3 13. Qxd3 a6 14. Bb2 Nf6
15. Ng5 h6 16. Nh3 Qd7 17. Nf4 Rc7 18. Rac1 Rfc8 19. f3 Bd6 20. Nh3 Rxc1 21.
Rxc1 Rxc1+ 22. Bxc1 Qc7 23. Bb2 Bxh2+ 24. Kf1 Bd6 25. e4 Qc4 26. Qxc4 dxc4 27.
e5 Bxe5 28. dxe5 Nd5 29. f4 Ne3+ 30. Kg1 b5 1/2-1/2